[Event "Bundesliga 2021-22"]
[Site "Berlin GER"]
[Date "2022.07.08"]
[Round "12.5"]
[Board "8"]
[White "Schulze, Lara"]
[Black "Rafiee, Makan"]
[Result "1-0"]
[WhiteTitle "FM"]
[BlackTitle "FM"]
[WhiteElo "2316"]
[BlackElo "2338"]
[WhiteTeam "SV Werder Bremen"]
[BlackTeam "FC Bayern Muenchen"]
[WhiteFideId "12956830"]
[BlackFideId "24609340"]
[EventDate "2022.03.05"]

1. e4 e5 2. Nf3 Nc6 3. Bc4 Bc5 4. c3 Nf6 5. d4 exd4 6. cxd4 Bb4+ 7. Nbd2 d5 8.
exd5 Nxd5 9. O-O O-O 10. a3 Be7 11. Re1 Bg4 12. h3 Bh5 13. g4 Bg6 14. Ne4 Kh8
15. Nc3 Nb6 16. Bb5 Bf6 17. Bxc6 bxc6 18. Ne5 Bxe5 19. dxe5 Qh4 20. Qf3 Rad8 21.
Ne4 Nc4 22. Bg5 Bxe4 23. Bxd8 Bxf3 24. Bxh4 Nxb2 25. Rab1 Nc4 26. Rb7 Bd5 27.
Be7 Re8 28. Reb1 1-0

[Event "Bundesliga 2021-22"]
[Site "Berlin GER"]
[Date "2022.07.08"]
[Round "12.6"]
[Board "1"]
[White "Jones, Gawain C B"]
[Black "Navara, David"]
[Result "0-1"]
[WhiteTitle "GM"]
[BlackTitle "GM"]
[WhiteElo "2672"]
[BlackElo "2700"]
[WhiteTeam "Muenchener Schachclub 1836"]
[BlackTeam "SV Muelheim Nord"]
[WhiteFideId "409561"]
[BlackFideId "309095"]
[EventDate "2022.03.05"]

1. Nf3 d5 2. g3 g6 3. Bg2 Bg7 4. O-O e5 5. d3 Nc6 6. Nc3 Nge7 7. e4 dxe4 8. dxe4
Qxd1 9. Rxd1 Bg4 10. Be3 O-O 11. Nb5 Rac8 12. h3 Be6 13. Ng5 Bc4 14. a4 h6 15.
Na3 Be2 16. Rd2 Bh5 17. g4 hxg5 18. Bxg5 Bxg4 19. hxg4 Rfd8 20. Rad1 Kf8 21. Nb5
Rxd2 22. Rxd2 a6 23. Nc3 Nd4 24. Nd5 Ng8 25. Be3 Nf6 26. c3 Nb3 27. Nxf6 Bxf6
28. Rd5 Rd8 29. g5 Be7 30. Bh3 Rxd5 31. exd5 a5 32. Bg2 Bc5 33. d6 c6 34. Bxc5
Nxc5 35. b4 axb4 36. cxb4 Nxa4 37. f4 exf4 38. Kf2 Nb6 39. b5 cxb5 40. Bxb7 b4
41. Ke2 b3 0-1

[Event "Bundesliga 2021-22"]
[Site "Berlin GER"]
[Date "2022.07.08"]
[Round "12.6"]
[Board "2"]
[White "Dardha, Daniel"]
[Black "Indjic, Aleksandar"]
[Result "1/2-1/2"]
[WhiteTitle "GM"]
[BlackTitle "GM"]
[WhiteElo "2540"]
[BlackElo "2605"]
[WhiteTeam "SV Muelheim Nord"]
[BlackTeam "Muenchener Schachclub 1836"]
[WhiteFideId "240990"]
[BlackFideId "911925"]
[EventDate "2022.03.05"]

1. d4 Nf6 2. c4 e6 3. g3 c5 4. d5 exd5 5. cxd5 d6 6. Nc3 g6 7. Bg2 Bg7 8. Nf3
O-O 9. O-O Re8 10. Re1 a6 11. a4 Nbd7 12. Bf4 Ng4 13. h3 Nge5 14. Ne4 Qe7 15.
Qc1 b6 16. h4 Bb7 17. Nxe5 Nxe5 18. Rd1 b5 19. Bg5 f6 20. Bf4 Nf7 21. Qd2 b4 22.
Rac1 Rad8 23. g4 Qd7 24. g5 Rxe4 25. Bxe4 Qg4+ 26. Bg2 Qxh4 27. Qe3 fxg5 28.
Bxd6 Nxd6 29. Qe6+ Kf8 30. Rxc5 g4 31. Rc7 Bc8 32. Qe3 Re8 33. Qf4+ Qf6 34. Qxb4
Kg8 35. Rdc1 Bf8 36. Qc3 Qf4 37. e4 a5 38. Qxa5 Bf5 39. exf5 Re2 40. Rf1 g3 41.
Qb6 Nxf5 42. d6 Nd4 43. fxg3 Qe3+ 44. Kh1 Qh6+ 45. Kg1 Qe3+ 46. Kh1 Qh6+ 47. Kg1 1/2-1/2

[Event "Bundesliga 2021-22"]
[Site "Berlin GER"]
[Date "2022.07.08"]
[Round "12.6"]
[Board "3"]
[White "Martinovic, Sasa"]
[Black "Tregubov, Pavel V."]
[Result "1/2-1/2"]
[WhiteTitle "GM"]
[BlackTitle "GM"]
[WhiteElo "2554"]
[BlackElo "2539"]
[WhiteTeam "Muenchener Schachclub 1836"]
[BlackTeam "SV Muelheim Nord"]
[WhiteFideId "14509792"]
[BlackFideId "4115341"]
[EventDate "2022.03.05"]

1. d4 Nf6 2. c4 e6 3. Nf3 d5 4. Nc3 Bb4 5. Bg5 h6 6. Bxf6 Qxf6 7. Qb3 c5 8. cxd5
exd5 9. e3 O-O 10. dxc5 Bxc3+ 11. Qxc3 Qxc3+ 12. bxc3 Be6 13. Nd4 Rc8 14. c4
Rxc5 15. Rd1 Nd7 16. e4 Re8 17. Be2 Nb6 18. Nb3 Rcc8 19. cxd5 Bd7 20. f3 f5 21.
Rd4 Rc2 22. Kf2 Rxa2 23. Rc1 Rb2 24. Nd2 a5 25. Ke3 a4 26. Rb1 a3 27. Rxb2 axb2
28. Bd3 Na4 29. Rb4 b5 30. Kd4 fxe4 31. fxe4 Rf8 32. Nf3 g5 33. Ne5 Be8 34. Ke3
Rf6 35. Ng4 Ra6 36. Nf2 Kg7 37. Nd1 Nc5 38. Nxb2 Ra3 39. Kd2 Kf6 40. Bxb5 Bxb5
41. Rxb5 Nxe4+ 42. Kc2 Rc3+ 43. Kd1 1/2-1/2

[Event "Bundesliga 2021-22"]
[Site "Berlin GER"]
[Date "2022.07.08"]
[Round "12.6"]
[Board "4"]
[White "Beerdsen, Thomas"]
[Black "Horvath, Dominik"]
[Result "1-0"]
[WhiteTitle "IM"]
[BlackTitle "IM"]
[WhiteElo "2496"]
[BlackElo "2486"]
[WhiteTeam "SV Muelheim Nord"]
[BlackTeam "Muenchener Schachclub 1836"]
[WhiteFideId "1030108"]
[BlackFideId "1642561"]
[EventDate "2022.03.05"]

1. e4 e5 2. Nf3 Nc6 3. Bc4 Bc5 4. c3 Nf6 5. d3 d6 6. O-O a6 7. a4 Ba7 8. Re1 h6
9. Nbd2 O-O 10. h3 Ne7 11. Bb3 Ng6 12. Nf1 Nh5 13. d4 Qf6 14. Ne3 Nhf4 15. Ng4
Qe7 16. Ne3 Qf6 17. Ng4 Qd8 18. Kh2 h5 19. Ne3 Nh4 20. Bc2 Qf6 21. Nxh4 Qxh4 22.
Qf3 g6 23. Nc4 Be6 24. Bxf4 exf4 25. Nd2 Rfe8 26. e5 d5 27. Qe2 Bg4 28. Nf3 Bxf3
29. Qxf3 c6 30. b4 Re7 31. g3 fxg3+ 32. fxg3 Qg5 33. h4 Qg4 34. Qf6 Qe6 35. Qg5
Rc7 36. Rf1 Qg4 37. Qe3 a5 38. Rf4 Qc8 39. Raf1 axb4 40. Rf6 Re7 41. Bxg6 fxg6
42. Rxg6+ Kh8 43. Qg5 1-0

[Event "Bundesliga 2021-22"]
[Site "Berlin GER"]
[Date "2022.07.08"]
[Round "12.6"]
[Board "5"]
[White "Berchtenbreiter, Maximilian"]
[Black "Zelbel, Patrick"]
[Result "1/2-1/2"]
[WhiteTitle "IM"]
[BlackTitle "IM"]
[WhiteElo "2513"]
[BlackElo "2458"]
[WhiteTeam "Muenchener Schachclub 1836"]
[BlackTeam "SV Muelheim Nord"]
[WhiteFideId "24641120"]
[BlackFideId "24624322"]
[EventDate "2022.03.05"]

1. e4 e5 2. Nf3 Nc6 3. Bb5 a6 4. Ba4 Nf6 5. O-O Be7 6. Re1 b5 7. Bb3 d6 8. c3
O-O 9. h3 Nb8 10. d4 Nbd7 11. Nbd2 Bb7 12. Bc2 Re8 13. Nf1 Bf8 14. Ng3 g6 15. a4
c5 16. d5 c4 17. Bg5 h6 18. Be3 Nc5 19. Qd2 h5 20. Ra3 Rb8 21. axb5 axb5 22.
Rea1 Nfd7 23. Bg5 Be7 24. Bh6 Bf8 25. Bg5 Be7 26. Bh6 Bf8 27. Bg5 Be7 1/2-1/2

[Event "Bundesliga 2021-22"]
[Site "Berlin GER"]
[Date "2022.07.08"]
[Round "12.6"]
[Board "6"]
[White "Buckels, Valentin"]
[Black "Radovanovic, Nikola"]
[Result "0-1"]
[WhiteTitle "IM"]
[BlackTitle "IM"]
[WhiteElo "2454"]
[BlackElo "2419"]
[WhiteTeam "SV Muelheim Nord"]
[BlackTeam "Muenchener Schachclub 1836"]
[WhiteFideId "12942766"]
[BlackFideId "900087"]
[EventDate "2022.03.05"]

1. d4 d5 2. c4 e6 3. Nf3 Nf6 4. Qc2 Nbd7 5. Bg5 Be7 6. cxd5 exd5 7. e3 c6 8. Bd3
Nh5 9. h4 h6 10. g4 Nhf6 11. Bf4 Nxg4 12. Nc3 Ndf6 13. O-O-O Bd6 14. Rde1 Be6
15. Ng5 hxg5 16. hxg5 Nh5 17. f3 Nxe3 18. Bxe3 Qc7 19. Na4 O-O-O 20. g6 b6 21.
Kb1 Kb7 22. Qb3 fxg6 23. Bg5 Rde8 24. Bxg6 Bf7 25. Bd3 Ng3 26. Rhg1 Rxe1+ 27.
Rxe1 Re8 28. Qd1 Rxe1 29. Qxe1 Qd7 30. Nc3 Qe6 31. Qxe6 Bxe6 32. Kc2 Bf5 33. Nd1
Kc7 34. Ne3 Bxd3+ 35. Kxd3 Kd7 36. Ng2 Ke6 37. Bd2 Kf5 38. b4 b5 39. Ne3+ Kg6
40. Ng2 Nf5 41. a3 Bg3 42. Bf4 Bxf4 43. Nxf4+ Kf6 44. Kc3 Nd6 45. Nd3 Nc4 46.
Nc5 Nxa3 47. Nd7+ Ke6 48. Ne5 Kd6 49. Nf7+ Kc7 50. Kd3 Nc4 51. f4 Kd7 52. Nh8
Ke6 53. Ng6 Kf6 54. f5 a6 0-1

[Event "Bundesliga 2021-22"]
[Site "Berlin GER"]
[Date "2022.07.08"]
[Round "12.6"]
[Board "7"]
[White "Ciolek, Andreas"]
[Black "Hausrath, Daniel"]
[Result "1/2-1/2"]
[WhiteTitle "FM"]
[BlackTitle "GM"]
[WhiteElo "2191"]
[BlackElo "2480"]
[WhiteTeam "Muenchener Schachclub 1836"]
[BlackTeam "SV Muelheim Nord"]
[WhiteFideId "12906727"]
[BlackFideId "4617495"]
[EventDate "2022.03.05"]

1. d4 Nf6 2. Nf3 g6 3. g3 Bg7 4. Bg2 O-O 5. O-O c6 6. b3 a5 7. Bb2 d6 8. Re1 Bf5
9. Nbd2 d5 10. c4 a4 11. e3 Qa5 12. Rc1 Nbd7 13. Qe2 axb3 14. axb3 Qa2 15. Bc3
Ne4 16. Nxe4 Qxe2 17. Rxe2 Bxe4 18. Bb4 dxc4 19. bxc4 Rfe8 20. Ne1 Bxg2 21. Kxg2 1/2-1/2

[Event "Bundesliga 2021-22"]
[Site "Berlin GER"]
[Date "2022.07.08"]
[Round "12.6"]
[Board "8"]
[White "Lenaerts, Lennert"]
[Black "Watson, William N"]
[Result "1/2-1/2"]
[WhiteTitle "FM"]
[BlackTitle "GM"]
[WhiteElo "2361"]
[BlackElo "2490"]
[WhiteTeam "SV Muelheim Nord"]
[BlackTeam "Muenchener Schachclub 1836"]
[WhiteFideId "211435"]
[BlackFideId "400157"]
[EventDate "2022.03.05"]

1. d4 d6 2. e4 Nf6 3. Nc3 g6 4. Be3 c6 5. Qd2 b5 6. Bd3 Bg7 7. Bh6 Bxh6 8. Qxh6
Qa5 9. Nf3 b4 10. Ne2 Bg4 11. e5 Bxf3 12. exf6 Bxe2 13. Kxe2 Nd7 14. fxe7 Kxe7
15. Rhe1 Rae8 16. Kf1+ Kd8 17. Rxe8+ Rxe8 18. Qxh7 Qd5 19. Qh4+ g5 20. Qg3 Qxd4
21. Qxg5+ Kc8 22. Bf5 Qxb2 23. Rd1 Qe5 24. Qg4 1/2-1/2

[Event "Bundesliga 2021-22"]
[Site "Berlin GER"]
[Date "2022.07.08"]
[Round "12.7"]
[Board "2"]
[White "Rapport, Richard"]
[Black "Bjerre, Jonas Buhl"]
[Result "1-0"]
[WhiteTitle "GM"]
[BlackTitle "GM"]
[WhiteElo "2762"]
[BlackElo "2601"]
[WhiteTeam "OSG Baden-Baden"]
[BlackTeam "SK Doppelbauer Turm Kiel"]
[WhiteFideId "738590"]
[BlackFideId "1444948"]
[EventDate "2022.03.05"]

1. e4 e5 2. Ne2 Nf6 3. d4 exd4 4. e5 Ne4 5. Qxd4 d5 6. exd6 Nxd6 7. Nbc3 Nc6 8.
Qa4 Bd7 9. Bd2 a5 10. Qf4 Be7 11. O-O-O Be6 12. Ng3 O-O 13. Nge4 Nxe4 14. Nxe4
Qd5 15. Nc3 Qe5 16. Bb5 Bb4 17. Qg3 Qxg3 18. hxg3 Ne5 19. a3 Bc5 20. Ne4 Bb6 21.
Ng5 Bf5 22. Rde1 Ng4 23. f3 Nf2 24. Rhf1 h6 25. Nxf7 Kxf7 26. Be3 Nh3 27. g4
Bxe3+ 28. Rxe3 Bxc2 29. Kxc2 Nf4 30. Bc4+ Kg6 31. g3 Nh3 32. Bd3+ Kf7 33. Rh1
Nf2 34. Bc4+ Kg6 35. Rh2 1-0

[Event "Bundesliga 2021-22"]
[Site "Berlin GER"]
[Date "2022.07.08"]
[Round "12.7"]
[Board "3"]
[White "Gavrilescu, David"]
[Black "Vallejo Pons, Francisco"]
[Result "1/2-1/2"]
[WhiteTitle "IM"]
[BlackTitle "GM"]
[WhiteElo "2512"]
[BlackElo "2704"]
[WhiteTeam "SK Doppelbauer Turm Kiel"]
[BlackTeam "OSG Baden-Baden"]
[WhiteFideId "1227190"]
[BlackFideId "2205530"]
[EventDate "2022.03.05"]

1. e4 c6 2. Nf3 d5 3. Nc3 Bg4 4. h3 Bxf3 5. Qxf3 e6 6. Be2 Bc5 7. O-O Nd7 8.
exd5 cxd5 9. Na4 Bd6 10. d4 Ne7 11. c3 O-O 12. Bd3 e5 13. dxe5 Nxe5 14. Qd1 Qd7
15. b3 Rac8 16. Be3 b5 17. Nb2 Nxd3 18. Qxd3 a5 19. Rad1 a4 20. Qd2 Rfd8 21.
Rfe1 h6 22. Nd3 1/2-1/2

[Event "Bundesliga 2021-22"]
[Site "Berlin GER"]
[Date "2022.07.08"]
[Round "12.7"]
[Board "4"]
[White "Adams, Michael"]
[Black "Meshkovs, Nikita"]
[Result "1-0"]
[WhiteTitle "GM"]
[BlackTitle "GM"]
[WhiteElo "2698"]
[BlackElo "2561"]
[WhiteTeam "OSG Baden-Baden"]
[BlackTeam "SK Doppelbauer Turm Kiel"]
[WhiteFideId "400041"]
[BlackFideId "11602740"]
[EventDate "2022.03.05"]

1. e4 c5 2. Nf3 Nc6 3. Bb5 g6 4. O-O Bg7 5. Re1 e5 6. Bxc6 dxc6 7. d3 Qe7 8.
Nbd2 Nf6 9. a3 O-O 10. b4 Bg4 11. h3 Bxf3 12. Nxf3 Rfd8 13. Bd2 Nd7 14. Qb1 b5
15. a4 a6 16. Qb3 cxb4 17. Bxb4 Qe8 18. axb5 axb5 19. c4 Qe6 20. Ng5 Qf6 21.
cxb5 cxb5 22. Nf3 Qc6 23. Rac1 Qb7 24. Rc2 Rac8 25. Rec1 Rxc2 26. Rxc2 Nf8 27.
Bxf8 Rxf8 28. Rc5 b4 29. Qc4 Qd7 30. Rc7 Qa4 31. g3 Bf6 32. Kg2 Kg7 33. Rb7 Qa3
34. Qd5 Qc3 35. d4 exd4 36. e5 Bd8 37. Nxd4 Kh8 38. Rxf7 Be7 39. Rxe7 1-0

[Event "Bundesliga 2021-22"]
[Site "Berlin GER"]
[Date "2022.07.08"]
[Round "12.7"]
[Board "5"]
[White "Teclaf, Pawel"]
[Black "Wojtaszek, Radoslaw"]
[Result "1/2-1/2"]
[WhiteTitle "IM"]
[BlackTitle "GM"]
[WhiteElo "2542"]
[BlackElo "2694"]
[WhiteTeam "SK Doppelbauer Turm Kiel"]
[BlackTeam "OSG Baden-Baden"]
[WhiteFideId "1185934"]
[BlackFideId "1118358"]
[EventDate "2022.03.05"]

1. e4 c5 2. Nf3 d6 3. d4 cxd4 4. Nxd4 Nf6 5. Nc3 a6 6. Be2 e5 7. Nb3 Be7 8. Bg5
Be6 9. Bxf6 Bxf6 10. Qd3 O-O 11. Rd1 Nc6 12. Qxd6 Nd4 13. Qxd8 Rfxd8 14. Nxd4
exd4 15. Nd5 Bxd5 16. exd5 Rxd5 17. O-O Re8 18. Bc4 Rc5 19. Rfe1 Rxe1+ 20. Rxe1
Kf8 21. Bd3 1/2-1/2

[Event "Bundesliga 2021-22"]
[Site "Berlin GER"]
[Date "2022.07.08"]
[Round "12.7"]
[Board "6"]
[White "Naiditsch, Arkadij"]
[Black "Parvanyan, Ashot"]
[Result "1/2-1/2"]
[WhiteTitle "GM"]
[BlackTitle "IM"]
[WhiteElo "2648"]
[BlackElo "2462"]
[WhiteTeam "OSG Baden-Baden"]
[BlackTeam "SK Doppelbauer Turm Kiel"]
[WhiteFideId "4650891"]
[BlackFideId "13307550"]
[EventDate "2022.03.05"]

1. e4 e5 2. Nf3 Nc6 3. Nc3 Nf6 4. Bb5 Bb4 5. O-O O-O 6. d3 Bxc3 7. bxc3 d6 8.
Bg5 Qe7 9. Re1 a6 10. Bxc6 bxc6 11. d4 h6 12. Bh4 g5 13. Bg3 Bg4 14. h3 Bh5 15.
Qd3 Bxf3 16. Qxf3 Qe6 17. Rab1 Rfe8 18. c4 Nd7 19. d5 cxd5 20. cxd5 Qg6 21. Qa3
f5 22. f3 fxe4 23. fxe4 Re7 24. Qc3 Nf6 25. Qc6 Rf8 26. Qxa6 h5 27. h4 Rg7 28.
Qe2 Ng4 29. Rb3 Kh8 30. a4 Rfg8 31. Rf3 Nh6 32. Rf2 Qe8 33. a5 Ng4 34. Rf5 Qa4
35. Qd2 Qa3 36. Rf3 Qa4 37. hxg5 Rxg5 38. Bh4 R5g6 39. Rf5 Nh6 40. Rf2 Qd7 41.
Ref1 Qg4 42. Bf6+ Kh7 43. Qe2 Qg3 44. Qd3 Qxd3 45. cxd3 Ng4 46. Rf5 Nxf6 47.
Rxf6 Rxg2+ 48. Kh1 Ra2 49. Rf7+ Rg7 50. Rxg7+ Kxg7 51. Rc1 Rxa5 52. Rxc7+ Kf6
53. Rd7 Ra6 54. Kg2 Kg5 55. Kf3 h4 56. Rg7+ Kh5 57. Rh7+ Kg5 58. Rg7+ Kh5 59.
Rh7+ Kg5 1/2-1/2

[Event "Bundesliga 2021-22"]
[Site "Berlin GER"]
[Date "2022.07.08"]
[Round "12.7"]
[Board "7"]
[White "Barseghyan, Armen Ar."]
[Black "Bacrot, Etienne"]
[Result "1/2-1/2"]
[WhiteTitle "IM"]
[BlackTitle "GM"]
[WhiteElo "2348"]
[BlackElo "2635"]
[WhiteTeam "SK Doppelbauer Turm Kiel"]
[BlackTeam "OSG Baden-Baden"]
[WhiteFideId "13306707"]
[BlackFideId "605506"]
[EventDate "2022.03.05"]

1. d4 Nf6 2. c4 e6 3. Nf3 d5 4. Nc3 c6 5. Bg5 h6 6. Bxf6 Qxf6 7. e3 g6 8. Bd3
Bg7 9. O-O O-O 10. e4 Qd8 11. e5 dxc4 12. Bxc4 c5 13. dxc5 Nd7 14. Qe2 Nxc5 15.
Rfd1 Qe7 16. Rd6 Bd7 17. b4 Na4 18. Nxa4 Bxa4 19. Bb5 Bxe5 20. Qxe5 Bxb5 21.
Rad1 Ba4 22. R1d4 Rfd8 23. Qc5 Rxd6 24. Rxd6 Rd8 25. Rxd8+ Qxd8 26. h3 Bc6 27.
Qxa7 Qd1+ 28. Kh2 Qd6+ 29. Kg1 Qxb4 30. Qb8+ Qf8 31. Qf4 Bxf3 32. Qxf3 Qb4 33.
a3 Qb2 34. h4 Kg7 35. g3 b5 36. Qd3 Qe5 37. Kh2 h5 38. Kg1 Qc5 39. Qb3 e5 40.
Qd3 Qc6 41. Qb3 Kf6 42. Qb4 Kf5 43. Qe7 f6 44. Qb4 g5 45. hxg5 Kxg5 46. Qh4+ Kg6
47. Qb4 Kf7 48. Qb3+ Kg7 49. Qd3 Qe8 50. Qf5 Qf7 51. Qd3 Qe8 52. Qf5 e4 53. Kf1
Qe5 54. Qd7+ Kg6 55. Kg2 f5 56. Qc8 Qd5 57. Qe8+ Kf6 58. Qxh5 e3+ 1/2-1/2

[Event "Bundesliga 2021-22"]
[Site "Berlin GER"]
[Date "2022.07.08"]
[Round "12.7"]
[Board "8"]
[White "Meier, Georg"]
[Black "Pajeken, Jakob Leon"]
[Result "0-1"]
[WhiteTitle "GM"]
[BlackTitle "IM"]
[WhiteElo "2631"]
[BlackElo "2382"]
[WhiteTeam "OSG Baden-Baden"]
[BlackTeam "SK Doppelbauer Turm Kiel"]
[WhiteFideId "4675789"]
[BlackFideId "12942839"]
[EventDate "2022.03.05"]

1. c4 e6 2. g3 d5 3. Bg2 d4 4. d3 Nf6 5. Nf3 Bb4+ 6. Nbd2 a5 7. a3 Be7 8. Qa4+
Bd7 9. Qc2 Nc6 10. O-O O-O 11. Ne4 Nxe4 12. dxe4 e5 13. b3 Qe8 14. c5 b5 15. e3
Bg4 16. h3 Bxf3 17. Bxf3 Qc8 18. Kg2 Rd8 19. Bb2 Qe6 20. Rad1 Rab8 21. Bg4 Qh6
22. Bc1 Qf6 23. h4 g6 24. f4 Qg7 25. Bd2 exf4 26. exf4 d3 27. Qc1 Nd4 28. Bc3 b4
29. axb4 axb4 30. Bb2 Nxb3 31. Bxg7 Nxc1 32. Be5 d2 33. Bxc7 b3 34. Bxd8 Rxd8
35. Rxc1 dxc1=Q 36. Rxc1 b2 37. Rb1 Rd2+ 38. Kh3 Bxc5 39. e5 Be3 40. e6 f5 41.
Bd1 Kf8 42. h5 Ke7 43. Bb3 Bxf4 0-1

[Event "Bundesliga 2021-22"]
[Site "Berlin GER"]
[Date "2022.07.08"]
[Round "12.8"]
[Board "1"]
[White "Grandelius, Nils"]
[Black "Keymer, Vincent"]
[Result "1/2-1/2"]
[WhiteTitle "GM"]
[BlackTitle "GM"]
[WhiteElo "2663"]
[BlackElo "2655"]
[WhiteTeam "Hamburger SK"]
[BlackTeam "Schachfreunde Deizisau"]
[WhiteFideId "1710400"]
[BlackFideId "12940690"]
[EventDate "2022.03.05"]

1. e4 c5 2. Nf3 d6 3. d4 cxd4 4. Nxd4 Nf6 5. Nc3 a6 6. Rg1 h5 7. Bg5 Nbd7 8. Qe2
b5 9. O-O-O Bb7 10. f4 b4 11. Nd5 e6 12. g3 Rc8 13. Kb1 Qa5 14. Nxf6+ gxf6 15.
Bh4 Be7 16. Bg2 Qc7 17. Bf3 Qc4 18. Qd2 Qc5 19. Nb3 Qb5 20. Nd4 Qc5 21. Nb3 Qb5
22. Nd4 1/2-1/2

[Event "Bundesliga 2021-22"]
[Site "Berlin GER"]
[Date "2022.07.08"]
[Round "12.8"]
[Board "2"]
[White "Bluebaum, Matthias"]
[Black "Svane, Rasmus"]
[Result "1/2-1/2"]
[WhiteTitle "GM"]
[BlackTitle "GM"]
[WhiteElo "2642"]
[BlackElo "2637"]
[WhiteTeam "Schachfreunde Deizisau"]
[BlackTeam "Hamburger SK"]
[WhiteFideId "24651516"]
[BlackFideId "4657101"]
[EventDate "2022.03.05"]

1. d4 Nf6 2. c4 e6 3. Nf3 d5 4. g3 Be7 5. Bg2 O-O 6. b3 dxc4 7. bxc4 c5 8. O-O
cxd4 9. Nxd4 e5 10. Nc2 Nc6 11. Nc3 Be6 12. Nd5 Re8 13. Nce3 Rc8 14. Rb1 Na5 15.
Qa4 Nxd5 16. cxd5 Bd7 17. Qe4 Bd6 18. Bd2 b5 19. Rfc1 Nb7 20. Rxc8 Qxc8 21. Rc1
Qb8 22. Qb1 Rc8 1/2-1/2

[Event "Bundesliga 2021-22"]
[Site "Berlin GER"]
[Date "2022.07.08"]
[Round "12.8"]
[Board "3"]
[White "Kempinski, Robert"]
[Black "Kamsky, Gata"]
[Result "1/2-1/2"]
[WhiteTitle "GM"]
[BlackTitle "GM"]
[WhiteElo "2568"]
[BlackElo "2658"]
[WhiteTeam "Hamburger SK"]
[BlackTeam "Schachfreunde Deizisau"]
[WhiteFideId "1105663"]
[BlackFideId "2000024"]
[EventDate "2022.03.05"]

1. d4 d5 2. c4 c6 3. Nf3 Nf6 4. e3 g6 5. Nc3 Bg7 6. Bd3 O-O 7. O-O Bg4 8. h3
Bxf3 9. Qxf3 e6 10. Rd1 Nbd7 11. Bf1 Re8 12. Qe2 Qe7 13. b3 Ne4 14. Nxe4 dxe4
15. a4 a5 16. Qc2 f5 17. c5 Nf6 18. Rb1 Nd5 19. Bd2 h5 20. b4 axb4 1/2-1/2

[Event "Bundesliga 2021-22"]
[Site "Berlin GER"]
[Date "2022.07.08"]
[Round "12.8"]
[Board "4"]
[White "Gupta, Abhijeet"]
[Black "Ernst, Sipke"]
[Result "1/2-1/2"]
[WhiteTitle "GM"]
[BlackTitle "GM"]
[WhiteElo "2628"]
[BlackElo "2537"]
[WhiteTeam "Schachfreunde Deizisau"]
[BlackTeam "Hamburger SK"]
[WhiteFideId "5010608"]
[BlackFideId "1004689"]
[EventDate "2022.03.05"]

1. d4 d5 2. c4 e6 3. Nf3 a6 4. cxd5 exd5 5. Nc3 h6 6. Qb3 Nf6 7. e4 Nxe4 8. Nxe4
dxe4 9. Bc4 Bb4+ 10. Qxb4 Nc6 11. Qa3 exf3 12. O-O Qxd4 13. Re1+ Be6 14. Bb5 Qg4
15. g3 Qh3 16. Bf1 Qf5 17. Bf4 O-O-O 18. Rac1 g5 19. Rxc6 gxf4 20. Rc3 fxg3 21.
hxg3 Kb8 22. Rec1 Bd5 23. Rxc7 Rhg8 24. Qc5 h5 25. Re7 Qf6 26. Qc7+ Ka8 27. Bc4
Qxb2 28. Bxa6 Rc8 29. Qxc8+ Rxc8 30. Rxc8+ Ka7 31. Bxb7 Bxb7 32. Rcc7 Qb1+ 33.
Kh2 Qf1 34. Rxb7+ Ka6 35. Ra7+ Kb6 36. Rab7+ Ka6 1/2-1/2

[Event "Bundesliga 2021-22"]
[Site "Berlin GER"]
[Date "2022.07.08"]
[Round "12.8"]
[Board "5"]
[White "Svane, Frederik"]
[Black "Kollars, Dmitrij"]
[Result "1-0"]
[WhiteTitle "IM"]
[BlackTitle "GM"]
[WhiteElo "2496"]
[BlackElo "2635"]
[WhiteTeam "Hamburger SK"]
[BlackTeam "Schachfreunde Deizisau"]
[WhiteFideId "12923044"]
[BlackFideId "12909572"]
[EventDate "2022.03.05"]

1. e4 e5 2. Nf3 Nc6 3. Bb5 a6 4. Ba4 Nf6 5. O-O b5 6. Bb3 Bc5 7. Nc3 O-O 8. a4
Rb8 9. axb5 axb5 10. Nd5 Nxe4 11. d3 Nf6 12. Bg5 Be7 13. Nxe7+ Qxe7 14. Re1 Qd6
15. Nxe5 Nxe5 16. Bf4 Nfg4 17. Qe2 Bb7 18. Bxe5 Nxe5 19. Qxe5 Qg6 20. Qg3 Ra8
21. Qxg6 hxg6 22. f4 Rxa1 23. Rxa1 Ra8 24. Rxa8+ Bxa8 25. Kf2 Kf8 26. g4 b4 27.
Ke3 c5 28. d4 d6 29. Kd3 Ke7 30. Kc4 cxd4 31. Kxb4 Bf3 32. g5 Be2 33. Bc4 Bf3
34. Ka5 Kd7 35. Kb6 Kc8 36. Ka7 1-0

[Event "Bundesliga 2021-22"]
[Site "Berlin GER"]
[Date "2022.07.08"]
[Round "12.8"]
[Board "6"]
[White "Heimann, Andreas"]
[Black "Heinemann, Thies"]
[Result "0-1"]
[WhiteTitle "GM"]
[BlackTitle "GM"]
[WhiteElo "2581"]
[BlackElo "2495"]
[WhiteTeam "Schachfreunde Deizisau"]
[BlackTeam "Hamburger SK"]
[WhiteFideId "24624632"]
[BlackFideId "4601556"]
[EventDate "2022.03.05"]

1. d4 Nf6 2. c4 e6 3. Nf3 b6 4. g3 Ba6 5. Qc2 Bb4+ 6. Bd2 Be7 7. e4 d5 8. cxd5
Bxf1 9. Kxf1 exd5 10. e5 Ne4 11. h4 Qd7 12. Kg2 h6 13. Nc3 Nxd2 14. Qxd2 Nc6 15.
Qc2 O-O 16. Qb3 Rfd8 17. Rae1 Bb4 18. Rc1 Bf8 19. Ne2 Ne7 20. Nf4 c5 21. e6 fxe6
22. dxc5 bxc5 23. Rhe1 Rab8 24. Qe3 d4 25. Qxe6+ Qxe6 26. Nxe6 Rdc8 27. Re2 Nd5
28. Nxf8 Kxf8 29. Re5 Nb4 30. Rexc5 Rxc5 31. Rxc5 d3 32. a3 Nc2 33. Rc3 Ne1+ 34.
Kf1 Nxf3 35. Rxd3 Ne5 36. Rd5 Nc4 37. Rd7 a5 38. b4 axb4 39. axb4 Rxb4 40. Rc7
Ne5 41. Rc2 Kf7 42. Kg2 Kf6 43. Ra2 Rb6 44. Rd2 Kf5 45. Ra2 Nd3 0-1

[Event "Bundesliga 2021-22"]
[Site "Berlin GER"]
[Date "2022.07.08"]
[Round "12.8"]
[Board "7"]
[White "Rogozenco, Dorian"]
[Black "Zilka, Stepan"]
[Result "1/2-1/2"]
[WhiteTitle "GM"]
[BlackTitle "GM"]
[WhiteElo "2448"]
[BlackElo "2606"]
[WhiteTeam "Hamburger SK"]
[BlackTeam "Schachfreunde Deizisau"]
[WhiteFideId "1210319"]
[BlackFideId "315303"]
[EventDate "2022.03.05"]

1. d4 Nf6 2. c4 e6 3. Nf3 d5 4. Nc3 dxc4 5. e3 a6 6. a4 c5 7. Bxc4 Nc6 8. O-O
Be7 9. Qe2 cxd4 10. Rd1 e5 11. exd4 exd4 12. Nxd4 Nxd4 13. Qe5 Qd6 14. Qxd6 Bxd6
15. Rxd4 Be5 16. Rd1 O-O 17. Re1 Re8 18. Bd2 Be6 19. Rxe5 Bxc4 20. Rxe8+ Rxe8
21. f3 h6 22. Re1 Rxe1+ 23. Bxe1 Kf8 24. Ne4 Nxe4 25. fxe4 1/2-1/2